| 000 | 00586nam a22001817i 4500 | ||
|---|---|---|---|
| 999 |
_c23246 _d23246 |
||
| 003 | AR-CdUCM | ||
| 008 | 250404b20182018 pe||||| |||| 00| 0 spa d | ||
| 040 |
_aMUNICIPALIDAD PROVINCIAL DEL CUSCO _cBIBLIOTECA MUNICIPAL DEL CUSCO |
||
| 041 | _hspa | ||
| 082 |
_aPI / 468.6 / C96 _bC96 |
||
| 110 |
_aPrograma Nacional Cuna Mas / _951110 |
||
| 245 | _aDespertando con mamá y papá / | ||
| 260 |
_aLima : _bPrograma Nacional Cuna Mas _c2018 |
||
| 300 |
_a24 páginas. : _bIlustraciones, _c19x19 cm. |
||
| 650 |
_aPrimera infancia _924660 |
||
| 942 |
_2ddc _cLIBROS |
||
| 945 |
_apbjr _d04-04-2025 |
||